Oceania Capital Match Quiz Stats

 Plays Quiz Updated Mar 3, 2016

Challenge
Share
Tweet
Embed
Score 0/14 Timer 03:00
26 Plays Today
% Correct
Canberra
93.9%
Wellington
93.5%
Port Moresby
75%
Suva
70.4%
Apia
63.2%
Funafuti
52.8%
Nuku Ľalofa
52.2%
% Correct
Port Vila
52%
Honiara
50.7%
Yaren
48.3%
Majuro
48.1%
Tarawa
47.1%
Palikir
45.3%
Ngerulmud (Melekeok)
43.3%

You're not logged in!

Compare scores with friends on all Sporcle quizzes.
Join for Free
OR
Log In

You Might Also Like...

Show Comments

Extras

Top Quizzes Today


Score Distribution

Your Account Isn't Verified!

In order to create a playlist on Sporcle, you need to verify the email address you used during registration. Go to your Sporcle Settings to finish the process.

Report this User

Report this user for behavior that violates our Community Guidelines.

Details: